01058nam a2200265 a 4500001001000000003000500010005001700015008004100032010001100073011001100084040000900095100003600104245013700140260004200277500006000319502009300379502008100472650002200553650001900575650003700594650004000631700003500671856001600706856007000722000109028CHAP20220329144034.0140328s2013 mx a sm |||||||spa d a105490 a106462 cCHAP1 aContreras Rodríguez, Leopoldo10aDiagnostico de la calidad del agua en seis mirocuencas del río Jamapa, Veracruzh[En línea]cpor Leopoldo Contreras Rodríguez. aChapingo, Méx. :bEl autor.,c2013. aPara ver el contenido del material haga clic en la liga aTesis (Ing. Agr. Esp. en Ciencias Forestales) -- UACH. División de Ciencias Forestales aTesis (Ing. Agr. Esp. en Recursos Naturales) -- UACH. Departamento de Suelos14aAguaxAnálisis.14aAguaxCalidad.14aAguaxContaminaciónzVeracruz.14aCuencas hidrológicaszVeracrúz.1 aHernández Condado, Rigoberto a1 n0001701 aFinding aiduhttp://10.13.5.2/tesis/sist109028.pdfzTeclea aquí